00327nam a2200109Ia 4500008004100000041000800041082001200049100002100061245007000082260004600152300001900198241015s9999 xx 000 0 und d aeng a909 SAC aJeffrey D. Sachs aThe Ages of Globalization :Geography, Technology, and Institution bColumbia University PressaNew Yorkc2020 a260;. P. 23 cm